00277nam a2200121Ia 4500008004100000100001300041245003300054260002500087300000900112650001200121942000700133999001500140190216s9999||||xx |||||||||||||| ||und|| aHanda. A 0aComputer Science Engineering bSatya Prakasanc2005 a1938 aPhysics cBK c8846d8846